Landen in de Vorm van Mr. Bean met een Kaart - Statistieken

Algemene statistieken
  • Deze quiz is 160 keer genomen
  • De gemiddelde score is 5 van 6
Antwoorden op de kaart
Antwoorden kleurgecodeerd door een groen-rode schaal op de quizkaart volgens % correct hieronder.
 
Antwoordstatistieken
Landen % Correct
Italië
99%
Noorwegen
90%
Cuba
75%
Ierland
72%
Kosovo
70%
Pakistan
46%
Geen overeenkomende quizzen gevonden
Scoreverdeling
Procent van Mensen met Elke Score
Percentiel versus Aantal Correcte Antwoorden
Uw Scoregeschiedenis
U heeft deze quiz nog niet genomen